000 00325nam a22001457a 4500
008 230328b ||||| |||| 00| 0 eng d
020 _a7093991
041 _aeng
080 _2FOURTH EDITION
_a159.9
082 _a159.9ZEM
100 _a25
101 _aPSI
245 _aUNIVERSITY PHYSICS
_cZEMANSKY.S
942 _2udc
_cBK
999 _c59468
_d59468